| 000 | 01277cac a2200349 i 4500 | ||
|---|---|---|---|
| 003 | EG-GICUC | ||
| 005 | 20260121101647.0 | ||
| 008 | 931102s1994 enk frb 000 0 eng d | ||
| 020 |
_a0631193480 (alk. paper) : _c$17.95 |
||
| 020 | _a9780631193487 | ||
| 040 |
_aDLC _cDLC _dDLC _dMoSU-L _dEG-GICUC _beng _erda |
||
| 043 | _ae-uk--- | ||
| 050 | 0 | 0 |
_aHV9960.G7 _bJ87 1994 |
| 082 | 0 | 0 |
_a343.3.042 _221 |
| 092 | 0 | 4 | _221 |
| 099 | _aLaw 10 1994 | ||
| 245 | 0 | 0 |
_aJustice and efficiency? : _bthe Royal Commission on Criminal Justice / _cedited by Stewart Field and Philip Thomas. |
| 264 |
_aOxford, UK ; _aCambridge, MA, USA : _bBlackwell Publishers, _c1994. |
||
| 300 |
_a164 p. ; _c23 cm. _billustrations, |
||
| 336 |
_atext _btxt _2rdacontent |
||
| 337 |
_aComputer _2rdamedia |
||
| 338 |
_aOnline Resource _2rdacarrier |
||
| 504 | _aIncludes bibliographical references. | ||
| 610 | 1 | 0 |
_aGreat Britain. _bRoyal Commission on Criminal Justice. |
| 650 | 0 |
_aCriminal justice, Administration of _zGreat Britain. |
|
| 700 | 1 | _aField, Stewart. | |
| 700 | 1 |
_aThomas, Philip A. _q(Philip Aneurin) |
|
| 710 | 1 |
_aGreat Britain. _bRoyal Commission on Criminal Justice. |
|
| 856 | 4 | 0 | _uhttps://fll.law.cu.edu.eg/fulltext/bks/ENGB10-00149.pdf |
| 905 | _a10 | ||
| 942 |
_2ddc _cBK _e21 _n0 |
||
| 999 |
_c54547 _d54547 |
||